Compressive Strength of Concrete with Recycled Coarse Aggregate (Record no. 59127)

MARC details
000 -LEADER
fixed length control field 00325nam a22001217a 4500
100 ## - MAIN ENTRY--AUTHOR NAME
Personal name Mehboob Oad
100 ## - MAIN ENTRY--AUTHOR NAME
Personal name 08MCEM14
245 ## - TITLE STATEMENT
Title Compressive Strength of Concrete with Recycled Coarse Aggregate
260 ## - PUBLICATION, DISTRIBUTION, ETC. (IMPRINT)
Place of publication Nawabshah:
Name of publisher QUEST,
Year of publication 2013.
300 ## - PHYSICAL DESCRIPTION
Number of Pages 92p.
700 ## - ADDED ENTRY--PERSONAL NAME
Personal name Department of Civil Engineering
942 ## - ADDED ENTRY ELEMENTS (KOHA)
Koha item type Thesis and Dissertation
Holdings
Withdrawn status Lost status Home library Current library Date acquired Accession Number Koha item type
    Central Library, QUEST, Nawabshah Research Section 26/09/2018 MP/21-200 Thesis and Dissertation